Sandra Bullock Movies - Statistics

General Stats
  • This quiz has been taken 32 times
  • The average score is 20 of 52
Answer Stats
Hint Answer % Correct
1994 Speed
88%
2000 Miss Congeniality
80%
2013 Gravity
72%
2009 The Blind Side
68%
2009 The Proposal
68%
1997 Speed 2: Cruise Control
64%
2006 The Lake House
64%
1995 While You Were Sleeping
64%
2018 Bird Box
60%
2018 Ocean's 8
60%
1995 The Net
60%
2009 All About Steve
56%
2015 Minions
56%
2013 The Heat
56%
2002 Two Weeks Notice
56%
2000 28 Days
52%
1996 A Time to Kill
52%
2002 Murder By Numbers
52%
1999 Forces of Nature
48%
2005 Miss Congeniality 2: Armed and Fabulous
48%
1998 Practical Magic
48%
2022 The Lost City
48%
1993 Demolition Man
44%
1998 Hope Floats
44%
2007 Premonition
44%
2004 Crash
36%
1992 Love Potion No. 9
36%
2021 The Unforgivable
36%
2022 Bullet Train
32%
1993 The Vanishing
32%
2011 Extremely Loud and Incredibly Close
28%
1993 Fire on the Amazon
28%
2006 Infamous
28%
1996 In Love and War
28%
1998 The Prince of Egypt
28%
1993 The Thing Called Love
28%
1992 When the Party's Over
28%
1987 Hangmen
24%
2000 Gun Shy
20%
1996 Two If By Sea
20%
1989 A Fool and His Money
16%
2002 Divine Secrets of the Ya-Ya Sisterhood
16%
2005 Loverboy
16%
1994 Who Do I Gotta Kill?
16%
1989 Who Shot Pat?
16%
1993 Wrestling Ernest Hemingway
16%
1989 The Preppie Murder
12%
2000 Lisa Picard is Famous
8%
1998 Welcome to Hollywood
8%
1989 Bionic Showdown: The Six Million Dollar Man and the Bionic Woman
4%
2015 Our Band is Crisis
4%
2004 Sudbury
0%
No matching quizzes found
Score Distribution
Percent of People with Each Score
Percentile by Number Answered
Your Score History
You have not taken this quiz